000 00853cab a2200229 4500
001 X83649
008 090401t1997 xxu||||| |||| 00| 0 eng d
035 _a(Sirsi) u78032
041 _aeng
245 _aIsle of Wight Council and Keith
260 _c1997
350 _a0
490 _aPlanning Appeal Decisions
_v[1997] 12 PAD 175-179(5)
520 _aPurchase notice - whether land had restricted use- amenity value - possible potential forestry activities - commercial woodland not viable - area of great landscape value - planning permission not granted - Costs - no order against applicant . HEADNOTE FROM JOURNAL.
650 _aISLE OF WIGHT COUNCIL AND KEITH
650 _aPLANNING PERMISSION
650 _aPURCHASE NOTICE
650 _aWOODLAND
690 _aPLANNING LAW AND PRACTICE-CASE LAW
942 _n0
948 _c29/04/1997
999 _c49088
_d49088